Eudora Welty: a reference guide

Guardat en:
Dades bibliogràfiques
Autor principal: Thompson, Victor
Format: Llibre
Idioma:Undetermined
Publicat: Boston, Estados Unidos G.K. Hall & Co. 1976
Matèries:
Etiquetes: Afegir etiqueta
Sense etiquetes, Sigues el primer a etiquetar aquest registre!

MARC

LEADER 00000nam a2200000Ia 4500
008 170316s9999 xx 000 0 und d
040 |a cru BVZT 
090 |a REF 
100 |a Thompson, Victor 
245 |a Eudora Welty: a reference guide 
260 |a Boston, Estados Unidos 
260 |b G.K. Hall & Co. 
260 |c 1976 
300 |a 175 páginas 
650 |a REFERENCIA 
942 |c REF 
999 |c 14878  |d 14878